Sbierka nariadení SNR

Na minha lista:
Detalhes bibliográficos
Formato: Periódico
Idioma:eslovaco
Publicado em: Bratislava Úrad predsedníctva SNR 1947
Tags: Adicionar Tag
Sem tags, seja o primeiro a adicionar uma tag!

MARC

LEADER 00000nas2a2200000 4500
001 s122056
005 20250730114209.2
041 0 |a slo 
044 |a SK 
245 1 0 |a Sbierka nariadení SNR 
264 1 |a Bratislava  |b Úrad predsedníctva SNR  |c 1947 
300 |a 3 sv. 
773 0 |w eu_un_cat*s125131